000 01197cas a22003497ar4500
005 20220329142130.0
008 990902d1950 us qr pernn 0 uub0spa d
010 _a78955
011 _a79927
035 _a90348
245 0 0 _aCiencias Sociales
_c/por Organización de los Estados Americanos
260 0 _aWashington, D.C. :
_bOrganización de los Estados Americanos,
_c1950-
300 _av.
310 _aTrimestral
362 _av.7 n.37,1956.
500 _aSe dejó de recibir a partir del v.7 n.40,1956.
590 _aBATCH-UPD
_b10
_c20130110
_lUCH01
_h2340
590 _aBATCH-UPD
_b10
_c20130410
_lUCH01
_h1628
590 _aBATCH-UPD
_b10
_c20130914
_lUCH01
_h0938
590 _aCONVERSION
_b10
_c20130109
_lUCH01
_h1344
650 1 4 _aCiencias sociales
_xPublicaciones periódicas.
_923233
785 0 0 _tRevista Interamericana de Ciencias Sociales
866 _av.2 n.7,9-13 (1951)
866 _av.3 n.13-18 (1952)
866 _av.4 n.20-22,24 (1953)
866 _av.5 n.26-29 (1954)
866 _av.6 n.31-v.7 n.40 (1955-1956)
901 _aSE
905 _aMa. del Socorro Iturbe C.
999 _c78955
_d78955